[Event "Wch Amateurs U2000"]
[Site "Rhodes"]
[Date "2024.10.29"]
[Round "3"]
[White "Amankos, Zhanbolat"]
[Black "Tqavadze, Giorgi"]
[Result "1/2-1/2"]
[WhiteElo "1795"]
[BlackElo "1995"]
[PlyCount "116"]
[EventDate "2024.10.27"]
[EventType "swiss"]
[EventRounds "9"]
[EventCountry "GRE"]
[SourceTitle "CB45_2024"]
[Source "ChessBase"]
[SourceDate "2024.11.06"]
[SourceVersion "1"]
[SourceVersionDate "2024.11.06"]
[SourceQuality "1"]

1. d4 d5 2. Nf3 c6 3. e3 Bf5 4. Bd3 Bxd3 5. Qxd3 e6 6. 0-0 Nf6 7. b3 Nbd7 8. Bb2 Ne4 9. Nbd2 Ndf6 10. Rad1 Bd6 11. Ne5 Nxd2 12. Qxd2 0-0 13. Nd3 Ne4 14. Qe2 f5 15. f3 Qh4 16. Ne5 Nf6 17. Qe1 Qxe1 18. Rfxe1 Rad8 19. Nd3 Rfe8 20. Rc1 Nd7 21. e4 Kf7 22. c4 Rc8 23. Bc3 g6 24. Bb4 Bxb4 25. Nxb4 dxe4 26. fxe4 Nf6 27. exf5 exf5 28. Nd3 Rxe1+ 29. Rxe1 Ne4 30. Nf4 Rd8 31. d5 cxd5 32. Nxd5 b5 33. g4 bxc4 34. gxf5 Rxd5 35. fxg6+ hxg6 36. Rxe4 Rd1+ 37. Kf2 Rd2+ 38. Re2 Rxe2+ 39. Kxe2 cxb3 40. axb3 Ke6 41. Ke3 Ke5 42. b4 a6 43. h4 Kf5 44. Kf3 Ke5 45. Kg4 Kf6 46. Kf4 Ke6 47. Ke4 Kf6 48. Kd5 Kf5 49. Kc6 Kg4 50. Kb6 Kxh4 51. Kxa6 g5 52. b5 g4 53. b6 g3 54. b7 g2 55. b8Q g1Q 56. Qh8+ Kg3 57. Qg7+ Kf2 58. Qd4+ Kf1 1/2-1/2

[Event "Wch Amateurs U2000"]
[Site "Rhodes"]
[Date "2024.10.27"]
[Round "1"]
[White "Lurdalen, Svein Erik"]
[Black "Tqavadze, Giorgi"]
[Result "1/2-1/2"]
[WhiteElo "1827"]
[BlackElo "1995"]
[PlyCount "108"]
[EventDate "2024.10.27"]
[EventType "swiss"]
[EventRounds "9"]
[EventCountry "GRE"]
[SourceTitle "CB45_2024"]
[Source "ChessBase"]
[SourceDate "2024.11.06"]
[SourceVersion "1"]
[SourceVersionDate "2024.11.06"]
[SourceQuality "1"]

1. c4 e5 2. Nc3 Nf6 3. g3 g6 4. Bg2 Bg7 5. e4 Nc6 6. d3 d6 7. Nge2 Be6 8. a3 Qd7 9. Nd5 Ne7 10. b4 c6 11. Nxe7 Qxe7 12. 0-0 Qd7 13. Re1 Bh3 14. Bh1 h5 15. Ra2 h4 16. Nc3 Ng4 17. f3 Nh6 18. Be3 f5 19. d4 Qf7 20. d5 hxg3 21. hxg3 f4 22. gxf4 exf4 23. Bd4 g5 24. e5 dxe5 25. Bxe5 0-0 26. Rae2 Nf5 27. Rh2 Rae8 28. Rxh3 Bxe5 29. Ne4 Qg6 30. dxc6 bxc6 31. Bg2 Ne3 32. Qd7 Rd8 33. Qe7 Bd4 34. Kh1 Nxg2 35. Kxg2 g4 36. Rh4 Rde8 37. Qd7 gxf3+ 38. Kxf3 Rxe4 39. Rg4 Re3+ 40. Rxe3 fxe3+ 41. Kg3 Be5+ 42. Kg2 Rf2+ 43. Kg1 Qxg4+ 44. Qxg4+ Kf8 45. Qc8+ Ke7 46. Qb7+ Kf6 47. Qxc6+ Kf5 48. Qd7+ Kg5 49. Qxa7 Bh2+ 50. Kh1 Kf4 51. Qd4+ Kf3 52. Qd3 Kf4 53. Qd4+ Kf3 54. Qd3 Kf4 1/2-1/2

[Event "World Amateur-ch U2000"]
[Site "Chalkidiki"]
[Date "2016.04.27"]
[Round "9"]
[White "Tqavadze, Giorgi"]
[Black "Aparajita, Gochhikar"]
[Result "1/2-1/2"]
[WhiteElo "1988"]
[BlackElo "1767"]
[PlyCount "105"]
[EventDate "2016.04.19"]
[EventType "swiss"]
[EventRounds "9"]
[EventCountry "GRE"]
[SourceTitle "CBM 172 Extra"]
[Source "ChessBase"]
[SourceDate "2016.06.21"]
[SourceVersion "1"]
[SourceVersionDate "2016.06.21"]
[SourceQuality "1"]

1. c4 c6 2. Nc3 Nf6 3. d4 d5 4. Bg5 e6 5. e3 Nbd7 6. Nf3 Be7 7. Bd3 dxc4 8. Bxc4 b5 9. Bd3 Bb7 10. 0-0 0-0 11. a3 a6 12. b4 a5 13. Qb3 axb4 14. axb4 Qc7 15. Ne4 h6 16. Bf4 Qb6 17. Bd6 Bxd6 18. Nxd6 Qc7 19. Nxb7 Qxb7 20. e4 Rxa1 21. Rxa1 Ra8 22. Rc1 Ra4 23. Qc3 Qa8 24. h3 Ra3 25. Qd2 Ra2 26. Rc2 Rxc2 27. Qxc2 Kf8 28. Qc3 Ke8 29. d5 exd5 30. exd5 Nxd5 31. Qxg7 Qa3 32. Bf1 Qc1 33. Nd4 Qc3 34. Qg8+ Nf8 35. Qg4 Nd7 36. Qe4+ Kf8 37. Nxb5 Qxb4 38. Nd4 N7f6 39. Qh4 h5 40. Bc4 Qe1+ 41. Kh2 Qe5+ 42. Kg1 Qe1+ 43. Kh2 Qe5+ 44. g3 c5 45. Nf3 Qf5 46. Kg2 Kg7 47. g4 hxg4 48. hxg4 Qf4 49. g5 Qxh4 50. Nxh4 Nh5 51. Kf3 Nb6 52. Bd3 Kf8 53. Ke4 1/2-1/2

[Event "World Amateur-ch U2000"]
[Site "Chalkidiki"]
[Date "2016.04.26"]
[Round "8"]
[White "Fanha, Paulo Alexandre Mar"]
[Black "Tqavadze, Giorgi"]
[Result "0-1"]
[WhiteElo "1956"]
[BlackElo "1988"]
[PlyCount "136"]
[EventDate "2016.04.19"]
[EventType "swiss"]
[EventRounds "9"]
[EventCountry "GRE"]
[SourceTitle "CBM 172 Extra"]
[Source "ChessBase"]
[SourceDate "2016.06.21"]
[SourceVersion "1"]
[SourceVersionDate "2016.06.21"]
[SourceQuality "1"]

1. b3 d5 2. e3 Nf6 3. Bb2 Bf5 4. Nf3 e6 5. c4 c6 6. cxd5 exd5 7. Be2 Bd6 8. d3 Nbd7 9. Nbd2 Qe7 10. h3 Ne5 11. Nxe5 Bxe5 12. Bxe5 Qxe5 13. Qc1 0-0 14. Nf3 Qd6 15. Qc3 a5 16. 0-0 Rfe8 17. a3 c5 18. Rfe1 b6 19. Rac1 h6 20. Bf1 Red8 21. Qe5 Qxe5 22. Nxe5 Rac8 23. Red1 d4 24. e4 Be6 25. Nc4 Nd7 26. Rb1 a4 27. bxa4 Bxc4 28. dxc4 Ra8 29. f4 Rxa4 30. Rb3 Rda8 31. Ra1 R8a6 32. Be2 Kf8 33. e5 Ke7 34. Bf3 f6 35. Bc6 R4a5 36. Bb5 Ra7 37. Bxd7 Kxd7 38. exf6 gxf6 39. Rxb6 Rxa3 40. Rxa3 Rxa3 41. Rxf6 Rc3 42. Rxh6 Rxc4 43. Kf1 d3 44. Ke1 Rxf4 45. Kd2 c4 46. Ke3 Rd4 47. Kxd4 d2 48. Kxc4 d1Q 49. Rh7+ Ke6 50. Ra7 Qe2+ 51. Kb4 Qb2+ 52. Kc4 Qxg2 53. Ra3 Qe4+ 54. Kc3 Kd5 55. Ra5+ Kc6 56. Ra3 Kb5 57. Kb2 Qg2+ 58. Kc1 Kc4 59. Kb1 Kb4 60. Ra2 Qf1+ 61. Kc2 Qe2+ 62. Kb1 Qd1+ 63. Kb2 Qb3+ 64. Ka1 Kc3 65. Rf2 Qd1+ 66. Ka2 Qd5+ 67. Kb1 Qb7+ 68. Ka1 Qa7+ 0-1

[Event "World Amateur-ch U2000"]
[Site "Chalkidiki"]
[Date "2016.04.19"]
[Round "1"]
[White "Tqavadze, Giorgi"]
[Black "Wlogalski, Olivier"]
[Result "1-0"]
[WhiteElo "1988"]
[BlackElo "1867"]
[PlyCount "83"]
[EventDate "2016.04.19"]
[EventType "swiss"]
[EventRounds "9"]
[EventCountry "GRE"]
[SourceTitle "CBM 172 Extra"]
[Source "ChessBase"]
[SourceDate "2016.06.21"]
[SourceVersion "1"]
[SourceVersionDate "2016.06.21"]
[SourceQuality "1"]

1. e4 d5 2. Nc3 d4 3. Nce2 e5 4. d3 c5 5. g3 Nc6 6. Bg2 Bd6 7. f4 f6 8. Nf3 Nge7 9. 0-0 0-0 10. f5 b5 11. g4 Bb7 12. g5 c4 13. Ng3 Qc7 14. gxf6 gxf6 15. Bh6 Rf7 16. Nh4 Nc8 17. Nh5 Nb6 18. Qg4+ Kh8 19. Ng6+ hxg6 20. fxg6 Rg8 21. Rxf6 Bc8 22. g7+ Rfxg7 23. Bxg7+ Rxg7 24. Qxg7+ Qxg7 25. Nxg7 Kxg7 26. Rxd6 Nb4 27. dxc4 bxc4 28. Rc1 Bg4 29. Bf1 Bf3 30. a3 Na6 31. Bxc4 Nxc4 32. Rxa6 Bxe4 33. b3 Ne3 34. Re1 Bxc2 35. Rxe3 dxe3 36. Rxa7+ Kf6 37. Kf1 Bxb3 38. Ke2 Bc2 39. Kxe3 Kf5 40. a4 Kg4 41. a5 Kf5 42. a6 1-0

[Event "World Amateur-ch"]
[Site "Iasi"]
[Date "2013.04.28"]
[Round "7"]
[White "Tqavadze, Giorgi"]
[Black "Yanjinlkham, Bayarsaikhan"]
[Result "0-1"]
[WhiteElo "2000"]
[BlackElo "1786"]
[PlyCount "88"]
[EventDate "2013.04.22"]
[EventType "swiss"]
[EventRounds "9"]
[EventCountry "ROU"]
[SourceTitle "CBM 154 Extra"]
[Source "ChessBase"]
[SourceDate "2013.06.25"]
[SourceVersion "2"]
[SourceVersionDate "2013.06.25"]
[SourceQuality "1"]

1. e4 e6 2. Nf3 d5 3. Nc3 Nf6 4. e5 Nfd7 5. d4 c5 6. dxc5 Bxc5 7. Bd3 Nc6 8. Bf4 a6 9. 0-0 b5 10. Re1 Qb6 11. Qd2 f6 12. exf6 Nxf6 13. Ne5 Nxe5 14. Bxe5 0-0 15. Rf1 Ng4 16. Bg3 Bb7 17. h3 Ne3 18. Rfe1 Nf5 19. Be5 Rf7 20. Re2 Nd4 21. Bxd4 Bxd4 22. Rf1 e5 23. Ree1 e4 24. Nxe4 dxe4 25. Bxe4 Bxe4 26. Rxe4 Bxb2 27. Qb4 Bf6 28. c4 Raf8 29. cxb5 Qxb5 30. Qxb5 axb5 31. Rb4 Ra7 32. Rxb5 Rxa2 33. Rf5 Bd4 34. Rxf8+ Kxf8 35. h4 Kf7 36. g3 Ra1 37. Rxa1 Bxa1 38. Kg2 Kf6 39. Kf3 Bd4 40. g4 Ke5 41. h5 Bxf2 42. g5 Kf5 43. g6 hxg6 44. hxg6 Bd4 0-1

[Event "World Amateur-ch"]
[Site "Iasi"]
[Date "2013.04.27"]
[Round "6"]
[White "Baasansuren, Erdene"]
[Black "Tqavadze, Giorgi"]
[Result "0-1"]
[WhiteElo "1871"]
[BlackElo "2000"]
[PlyCount "70"]
[EventDate "2013.04.22"]
[EventType "swiss"]
[EventRounds "9"]
[EventCountry "ROU"]
[SourceTitle "CBM 154 Extra"]
[Source "ChessBase"]
[SourceDate "2013.06.25"]
[SourceVersion "2"]
[SourceVersionDate "2013.06.25"]
[SourceQuality "1"]

1. d4 d5 2. c4 c6 3. Nc3 Nf6 4. e3 e6 5. Nf3 Bd6 6. Bd3 0-0 7. 0-0 b6 8. e4 dxe4 9. Nxe4 Be7 10. Qc2 Nbd7 11. Bf4 h6 12. a3 Nxe4 13. Bxe4 Bb7 14. Ne5 Nxe5 15. dxe5 Qc7 16. Bg3 c5 17. f4 Bxe4 18. Qxe4 g6 19. Be1 h5 20. h3 Qd7 21. Bf2 Rad8 22. g4 Qd3 23. Qg2 hxg4 24. hxg4 Kg7 25. Rac1 Rh8 26. Rc3 Qd2 27. f5 Bg5 28. fxe6 fxe6 29. Qc6 Qd7 30. Qe4 Rhf8 31. Rh3 Rf4 32. Qg2 Rxc4 33. Re1 Qd5 34. Qxd5 exd5 35. Bh4 Rxg4+ 0-1

[Event "World Amateur-ch"]
[Site "Neos Marmaras"]
[Date "2012.04.20"]
[Round "7"]
[White "Tqavadze, Giorgi"]
[Black "Bes, Michal"]
[Result "1/2-1/2"]
[WhiteElo "1996"]
[BlackElo "1951"]
[PlyCount "81"]
[EventDate "2012.04.16"]
[EventType "swiss"]
[EventRounds "9"]
[EventCountry "GRE"]
[SourceTitle "CBM 148 Extra"]
[Source "ChessBase"]
[SourceDate "2012.06.22"]
[SourceVersion "1"]
[SourceVersionDate "2012.06.22"]
[SourceQuality "1"]

1. e4 e5 2. Nf3 Nf6 3. Nc3 Bb4 4. d3 Nc6 5. Bd2 0-0 6. Be2 d5 7. Nxd5 Bxd2+ 8. Qxd2 Nxd5 9. exd5 Qxd5 10. 0-0 Bg4 11. h3 Bh5 12. Ng5 Bxe2 13. Qxe2 Nd4 14. Qe4 Qxe4 15. dxe4 f6 16. Nf3 Rad8 17. Nxd4 Rxd4 18. f3 Rfd8 19. Rae1 g5 20. Re2 h5 21. Kf2 h4 22. Ke3 Kf7 23. Rff2 Ke6 24. Rd2 c5 25. c3 Rxd2 26. Rxd2 Rxd2 27. Kxd2 c4 28. Kc2 Kd6 29. Kd2 Kc5 30. Kc1 b5 31. Kd2 a5 32. Kc1 Kd6 33. Kd2 Kc6 34. Kc2 Kb6 35. Kd2 Kc7 36. Ke3 Kd6 37. Kf2 Kc5 38. Ke2 Kd6 39. Kd2 Kc5 40. Kc1 Kc6 41. Kd1 1/2-1/2